000 00853cam a22002417i 4500
005 20251108171154.0
008 250721s2004 jo a gr 000 0 ara d
082 1 4 _a005.12
_bب ص ب
100 1 _aبصبوص، محمد حسين
_eمؤلف.
245 1 0 _aالوسائط المتعددة :
_bتصميم و تطبيقات /
_cمحمد حسين بصبوص،
246 1 0 _aMulti media design applicaations.
250 _aالطبعة الأولى.
264 1 _aعمان :
_bدار اليازوري،
_c2004.
300 _a246 صفحة.
650 1 7 _aالحواسيب
650 1 7 _aالبرامج
650 1 7 _aالعمل
700 1 _aنصر الله، أيمن شاكر
_eمؤلف.
700 1 _aمحمد، رامي مصطفى
_eمؤلف.
700 1 _aعطية، نبيل محمود
_eمؤلف.
942 _2ddc
_cBK
999 _c58427
_d58427